000
00302nam a22001337a 4500
020
_a
0-600-56877-6
082
_a
001
_b
SER/T
100
_a
SEREBRIAKOFF, VICTOR
245
_a
TEST YOUR IQ
260
_a
LONDON
_b
HAMLYN
_c
1990
300
_a
126
650
_a
GENERAL KNOWLEDGE
_z
UNITED KINGDOM
942
_c
BK
999
_c
6618
_d
6618